<?xml version="1.0" encoding="UTF-8"?>
<marc:record xmlns:marc="http://www.loc.gov/MARC21/slim">
   <marc:leader>00000nam a2200000 a 4500</marc:leader>
   <marc:datafield ind1="1" ind2=" " tag="100">
      <marc:subfield code="a">Netrebko, Anna</marc:subfield>
      <marc:subfield code="4">aut</marc:subfield>
      <marc:subfield code="e">Verfasser/-in</marc:subfield>
   </marc:datafield>
   <marc:datafield ind1="0" ind2="0" tag="245">
      <marc:subfield code="a">Der Geschmack meines Lebens</marc:subfield>
   </marc:datafield>
   <marc:datafield ind1=" " ind2="1" tag="264">
      <marc:subfield code="b">Pustet</marc:subfield>
      <marc:subfield code="c">2021</marc:subfield>
   </marc:datafield>
   <marc:datafield ind1="1" ind2=" " tag="520">
      <marc:subfield code="a">Eine bezaubernde Frau und große Künstlerin in Nahaufnahme  Mit ihrer Stimme verzaubert Anna Netrebko Millionen von Menschen in aller Welt.  Temperament und Sinnlichkeit, Leidenschaft und Lebenslust bestimmen ihre faszinierende Bühnenpräsenz. Die Anforderungen, die der Alltag des klassischen Musikgeschäfts an einen Opern- Topstar wie sie stellt, sind jedoch enorm hoch: Die großartige Sängerin zeigt in diesem Buch, wie es ihr gelingt, Familie und Gesangskunst, Privates und Berufliches im Gleichgewicht zu halten.   Der Weg, den sie dafür gewählt hat, führt über das Kochen. Mit jedem ihrer persönlichen Herzensrezepte erzählt Anna Netrebko eine kleine Geschichte, mit der sie uns als Mensch und Künstlerin ein Stück weit näher rückt und den Spirit ihres Lebens entfaltet.    Eine außergewöhnliche Frau und Künstlerin blickt so zurück auf fünf erfolgreiche, anstrengende, turbulente Lebensjahrzehnte.</marc:subfield>
   </marc:datafield>
   <marc:datafield ind1="3" ind2=" " tag="024">
      <marc:subfield code="a">9783222150814</marc:subfield>
   </marc:datafield>
</marc:record>
